00587 2200229 4500001002100000005001500021007000300036008004100039020001800080035002000098082001200118084001800130100001500148245004500163250001000208260003500218300002500253650002800278700002100306856001400327990001600341INLIS00000000000741220240815122810ta240815 0 ind  a979-518-826-7 a0010-0722000020 a370.114 a370.114 SUN p0 aSunarto H.1 aPerkembangan Peserta Didik /cSunarto H. acet.2 aJakarta :bRineke Cipta,c2002 aix, 245 hlm ;c21 cm 4aperkembangan pendidikan0 aB. Agung Hartono aKelas 370 a00000010902